| 000 | 00507nam a2200181Ia 4500 | ||
|---|---|---|---|
| 008 | 230917s9999||||xx |||||||||||||| ||und|| | ||
| 020 | _cRS510 | ||
| 040 |
_e244745 _aMAIN |
||
| 041 | _aEnglish | ||
| 082 | _a642.5 A27F(3) | ||
| 100 | _aAndrews, Sudhir | ||
| 245 | 0 | _aFood and beverage services: A training manual | |
| 250 | _a3rd ed. | ||
| 260 |
_aChennai _bMcGraw-Hill Education (India) _c2016 |
||
| 300 | _axxxiii, 379 p. | ||
| 500 | _a3006 17/01/2018 HBD18/7202 06/02/2018 IHTM (SFS) | ||
| 942 | _cBK | ||
| 999 |
_c25382 _d25382 |
||